Normal view MARC view

Entry Nombre personal

Number of records used in: 6

001 - NÚMERO DE CONTROL

  • campo de control: 31738

003 - IDENTIFICADOR DE NÚMERO DE CONTROL

  • campo de control: SpMaBN

005 - FECHA Y HORA DE LA ÚLTIMA TRANSACCIÓN

  • campo de control: 20250716074054.0

008 - ELEMENTOS DE DATO DE LONGITUD-FIJA

  • campo de control de longitud fija: 901120nn aijnnaabn a aaa

016 ## - NÚMERO DE CONTROL DE UNA AGENCIA BIBLIOGRÁFICA NACIONAL

  • Número de control del registro: BNE19900226943

024 7# - IDENTIFICADOR DE OTROS ESTÁNDARES

  • Número estándar o código: http://viaf.org/viaf/22207990/
  • Fuente: viaf

024 8# - IDENTIFICADOR DE OTROS ESTÁNDARES

  • Número estándar o código: https://data.cervantesvirtual.com/person/30871

024 7# - IDENTIFICADOR DE OTROS ESTÁNDARES

  • Número estándar o código: https://isni.org/isni/0000000110224890
  • Fuente: isni

024 7# - IDENTIFICADOR DE OTROS ESTÁNDARES

  • Número estándar o código: http://www.wikidata.org/entity/Q313027
  • Fuente: wikidata

040 ## - FUENTE DE CATALOGACIÓN

  • Centro catalogador/agencia de origen: SpMaBN
  • Lengua de catalogación: spa
  • Centro/agencia transcriptor: SpMaBN
  • Normas de descripción: rdc
  • Convención/Normas de encabezamiento de materia/tesauro: embne

046 ## - FECHAS CON CODIFICACIÓN ESPECIAL

  • Fecha de nacimiento: 1755
  • Fecha de la muerte: 1826

100 1# - ENCABEZAMIENTO-NOMBRE DE PERSONA

  • Nombre de persona: Brillat-Savarin, Jean Anthelme,
  • Fechas asociadas al nombre: 1755-1826

370 ## - LUGAR ASOCIADO

  • Lugar de nacimiento: Francia

372 ## - CAMPO DE ACTIVIDAD

  • Campo de actividad: Gastronomía

374 ## - OCUPACIÓN

  • Ocupación: Jueces
  • Ocupación: Escritores
  • Ocupación: Cocineros
  • Ocupación: Politicos
  • Ocupación: Abogados

375 ## - GÉNERO/SEXO

  • Género: Masculino

377 ## - IDIOMA ASOCIADO

  • Término de lengua/lenguaje: Francés

400 1# - TRAZADO DE VÉASE--NOMBRE DE PERSONA

  • Nombre de persona: Brillat-Savarin,
  • Fechas asociadas al nombre: 1755-1826

400 1# - TRAZADO DE VÉASE--NOMBRE DE PERSONA

  • Nombre de persona: Brillat-Savarin, A.,
  • Fechas asociadas al nombre: 1755-1826

400 1# - TRAZADO DE VÉASE--NOMBRE DE PERSONA

  • Nombre de persona: Brillat-Savarin, Anthelme,
  • Fechas asociadas al nombre: 1755-1826

400 1# - TRAZADO DE VÉASE--NOMBRE DE PERSONA

  • Nombre de persona: Brillat-Savarin, J. A.,
  • Fechas asociadas al nombre: 1755-1826

400 1# - TRAZADO DE VÉASE--NOMBRE DE PERSONA

  • Nombre de persona: Brillat-Savarin, Jean-Anthelme,
  • Fechas asociadas al nombre: 1755-1826

670 ## - FUENTE DE DATOS ENCONTRADOS

  • Cita de la fuente: Fisiología del paladar o Meditaciones de gastronomía trascendental, 1995
  • Información encontrada: port. (Jean Anthelme Brillat-Savarin)

670 ## - FUENTE DE DATOS ENCONTRADOS

  • Cita de la fuente: Fisiología del gusto o Meditaciones de gastronomía trascendental, 2000 (Reprod. de la ed. de 1869)
  • Información encontrada: port. (Brillat-Savarin)

670 ## - FUENTE DE DATOS ENCONTRADOS

  • Cita de la fuente: Phisiologie du goût, 1870
  • Información encontrada: port. (par Anthelme Brillat-Savarin)

670 ## - FUENTE DE DATOS ENCONTRADOS

  • Cita de la fuente: Fisiología del gusto, 2001
  • Información encontrada: port. (J.A. Brillat-Savarin)

670 ## - FUENTE DE DATOS ENCONTRADOS

  • Cita de la fuente: Fisiología del gusto, 2012
  • Información encontrada: port. (Jean-Anthelme Brillat-Savarin)

670 ## - FUENTE DE DATOS ENCONTRADOS

  • Cita de la fuente: WWW BN-OPALE Plus, 24-3-2011
  • Información encontrada: (Brillat-Savarin, Jean Anthelme; 1755-1826)